Catálogo
 En Linea

The negro in American history / (Registro nro. 36236)

Detalles MARC
000 -CABECERA
campo de control de longitud fija 00985nam a2200229 a 4500
001 - NÚMERO DE CONTROL
campo de control 000036745
005 - FECHA Y HORA DE LA ÚLTIMA TRANSACCIÓN
campo de control 20200930075918.0
008 - DATOS DE LONGITUD FIJA--INFORMACIÓN GENERAL
campo de control de longitud fija 120127s1969 xxua 001 0 spa d
040 ## - FUENTE DE LA CATALOGACIÓN
Centro catalogador/agencia de origen DO-SdBNP
Lengua de catalogación spa
Centro/agencia transcriptor BNPHU
082 ## - NÚMERO DE LA CLASIFICACIÓN DECIMAL DEWEY
Número de clasificación 973.0496073
Número de documento/Ítem N393
245 04 - MENCIÓN DE TÍTULO
Título The negro in American history /
Mención de responsabilidad, etc. Mortimer J. Adler, general editor ; Charles Van Doren, editor; George Ducas, executive editor.
260 ## - PUBLICACIÓN, DISTRIBUCIÓN, ETC.
Lugar de publicación, distribución, etc. [Chicago] :
Nombre del editor, distribuidor, etc. Encyclopaedia britanica educational corporation,
Fecha de publicación, distribución, etc. 1969.
300 ## - DESCRIPCIÓN FÍSICA
Extensión v. 3 :
Otras características físicas il. ;
Dimensiones 25 cm.
500 ## - NOTA GENERAL
Nota general La biblioteca posee los volúmenes 1 y 3
505 0# - NOTA DE CONTENIDO CON FORMATO
Información miscelánea v.1
Título Black Americans, 1928-1968.-
Información miscelánea v. 2.
Título A taste of freedom, 1854-1927.--
Información miscelánea v.3
Título Slaves and masters, 1567-1854
650 #4 - PUNTO DE ACCESO ADICIONAL DE MATERIA--TÉRMINO DE MATERIA
Término de materia o nombre geográfico como elemento de entrada Afroamericanos
Subdivisión general Historia
9 (RLIN) 4097
700 12 - PUNTO DE ACCESO ADICIONAL--NOMBRE DE PERSONA
Nombre de persona Adler, Mortimer J.
Término indicativo de función/relación ed.
9 (RLIN) 63076
700 12 - PUNTO DE ACCESO ADICIONAL--NOMBRE DE PERSONA
Nombre de persona Van Doren, Charles
Término indicativo de función/relación ed.
9 (RLIN) 63077
700 12 - PUNTO DE ACCESO ADICIONAL--NOMBRE DE PERSONA
Nombre de persona Ducas, George
Término indicativo de función/relación ed.
9 (RLIN) 63078
710 2# - PUNTO DE ACCESO ADICIONAL--NOMBRE DE ENTIDAD CORPORATIVA
Nombre de entidad corporativa o nombre de jurisdicción como elemento de entrada Encyclopaedia Britannica Educational Corporation
9 (RLIN) 63079
910 ## - DATOS DE OPCIÓN DEL USUARIO (OCLC)
Datos de opción del usuario Validado. Control de calidad MFF
Existencias
Estado de retiro Estado de pérdida Restricciones de uso No para préstamo Código de colección Localización permanente Ubicación/localización actual Ubicación en estantería Fecha de adquisición Número de inventario Total de préstamos Signatura topográfica completa Código de barras Fecha visto por última vez Precio válido a partir de Tipo de ítem Koha Nota pública
      Excluido de préstamo Monografías: Libros y Folletos General General Depósito 27.01.2012 LF1   v. 1 36745-10 25.06.2020 25.06.2020 No se presta Perteneció a la biblioteca personal de Juan Isidro Jimenes Grullón.
      Excluido de préstamo Monografías: Libros y Folletos General General Depósito 27.01.2012 LF1   v. 3 36745-20 25.06.2020 25.06.2020 No se presta Perteneció a la biblioteca personal de Juan Isidro Jimenes Grullón.

Con tecnología Koha